Peine de mort au Nigeria : (Record no. 7578)

MARC details
000 -LEADER
fixed length control field 00817nam a22002773u 4500
001 - CONTROL NUMBER
control field on1404750728
003 - CONTROL NUMBER IDENTIFIER
control field TZ-ArACH
005 - DATE AND TIME OF LATEST TRANSACTION
control field 20251125145429.0
006 - FIXED-LENGTH DATA ELEMENTS--ADDITIONAL MATERIAL CHARACTERISTICS--GENERAL INFORMATION
fixed length control field m o d
007 - PHYSICAL DESCRIPTION FIXED FIELD--GENERAL INFORMATION
fixed length control field cr |||||||||||
008 - FIXED-LENGTH DATA ELEMENTS--GENERAL INFORMATION
fixed length control field 231018s2022 xx o 000 u und d
020 ## - INTERNATIONAL STANDARD BOOK NUMBER
International Standard Book Number 9786204576145
020 ## - INTERNATIONAL STANDARD BOOK NUMBER
International Standard Book Number 6204576143
035 ## - SYSTEM CONTROL NUMBER
System control number (OCoLC)1404750728
040 ## - CATALOGING SOURCE
Original cataloging agency OCLKB
Language of cataloging eng
Description conventions pn
Transcribing agency TZ-ArACH
049 ## - LOCAL HOLDINGS (OCLC)
Holding library TZAA
050 ## - LIBRARY OF CONGRESS CALL NUMBER
Classification number KTA3964
Item number .I45 2022
100 1# - MAIN ENTRY--PERSONAL NAME
Personal name Illah, Obadiah
245 13 - TITLE STATEMENT
Title Peine de mort au Nigeria :
Remainder of title Problèmes et remédes
260 ## - PUBLICATION, DISTRIBUTION, ETC. (IMPRINT)
Place of publication, distribution, etc Paris:
Name of publisher, distributor, etc Editions Notre Savoir;
Date of publication, distribution, etc 2022.
300 ## - PHYSICAL DESCRIPTION
Extent 56 pages
504 ## - BIBLIOGRAPHY, ETC. NOTE
Bibliography, etc Bibliography
650 ## - SUBJECT ADDED ENTRY--TOPICAL TERM
Topical term or geographic name as entry element Nigeria
General subdivision Death penalty
856 40 - ELECTRONIC LOCATION AND ACCESS
Uniform Resource Identifier <a href="https://www.perlego.com/book/4053485/la-peine-de-mort-au-nigeria-problmes-et-remdes-pdf">https://www.perlego.com/book/4053485/la-peine-de-mort-au-nigeria-problmes-et-remdes-pdf</a>
Materials specified Perlego, Ltd
942 ## - ADDED ENTRY ELEMENTS (KOHA)
Source of classification or shelving scheme Library of Congress Classification
Koha item type Books
Holdings
Home library Current library Date acquired Full call number Barcode Koha item type
African Court on Human and Peoples' Rights Library African Court on Human and Peoples' Rights Library 25/11/2025 KTA3964 .I45 2022 10043918 Books

African Court on Human and Peoples' Rights | For Inquiries Contact » +255 272 510 510